| 000 | 00321nam a22001097a 4500 | ||
|---|---|---|---|
| 082 | _a954.915 BAL'I | ||
| 100 |
_aBALUCH, MIR AHMAD YAR KHAN _977759 |
||
| 245 | _aINSIDE BALUCHISTAN A POLITICAL AUTOBIOGRAPHY OF HIS HIGHNESS BAIGLAR BAIGI KHAN-E-AZAM XII | ||
| 260 |
_aKARACHI _bROYAL _c1975 |
||
| 300 | _a352P | ||
| 942 | _cBK | ||
| 999 |
_c582976 _d582976 |
||